| 000 | 00673nam a2200193 i 4500 | ||
|---|---|---|---|
| 001 | 28010 | ||
| 003 | ES-MaACL | ||
| 005 | 20230906153738.0 | ||
| 007 | t| | ||
| 008 | 030116s1961 sp ||||1| spa d | ||
| 100 | 1 |
_aBailey, Alton E. _924689 |
|
| 245 | 1 | 0 |
_aAceites y grasas industriales... / _cAlton E. Bailey ; [versión española por Luis Mora Cartaya... Antonio García Padron ; revisada por Fernando Blasi]. |
| 260 |
_aBarcelona, etc : _bReverté, _c1961. |
||
| 300 |
_a741 p. : _bil. ; _c22 cm. |
||
| 700 | 1 |
_aMora Cartaya, Luis. _982873 |
|
| 700 | 1 |
_aGarcía Padrón, Antonio. _955074 |
|
| 700 | 1 |
_aBlasi, Fernando. _929408 |
|
| 852 |
_aES-MaACL _jC-20911 _bR.49360 |
||
| 999 |
_c28010 _d28010 |
||